000 00715nam a2200289Ia 4500
005 20260324123116.0
008 008 260324s9999 xx 000 0 eng d
020 _a9780203804032
037 _aEBOOK
040 _aCRL
040 _beng
040 _cCRL
041 _2eng
041 _aeng
084 _qCRL
100 _aSuzanne M. Miller; Mary B. McVee
_91169057
245 0 _aMultimodal Composing in Classrooms
245 0 _bLearning and Teaching for the Digital World
260 _bTaylor and Francis
260 _c2012
365 _a
365 _b240
856 _uhttp://www.taylorfrancis.com/books/9780203804032
942 _cEBOOK
999 _c1762291
_d1762291